000 00380nam a22001697a 4500
005 20160614095857.0
008 160614b xxu||||| |||| 00| 0 eng d
020 _a81-7929-07-2
041 _aeng
082 _b7321
100 _aRowson, Pouline
_91834
245 _aEffective leadership
260 _bInfinity Book
300 _a96
650 _aManagement
_9241
942 _cBK
999 _c2578
_d2577